| 000 | 00713nam a2200217 i 4500 | ||
|---|---|---|---|
| 001 | 120319 | ||
| 003 | ES-MaACL | ||
| 005 | 20231205195755.0 | ||
| 007 | t| | ||
| 008 | 070214s1964 sp r ||||1| spa d | ||
| 245 | 0 | 0 |
_aPoesía hispanoamericana _b: de Terrazas a Rubén Darío / _cJosé García Nieto y Francisco-Tomás Comes. |
| 260 |
_aMadrid : _bCultura Hispánica, _c1964. |
||
| 300 |
_a159 p. ; _c18 cm. |
||
| 490 | 1 | _aColección Nuevo Mundo | |
| 650 | 4 |
_aPoesías hispanoamericanas. _9148477 |
|
| 700 | 1 |
_aGarcía Nieto, José, _d1914-2001 _955029 |
|
| 700 | 1 |
_aComes, Francisco-Tomás. _939996 |
|
| 830 | 1 |
_aColección Nuevo Mundo _9186481 |
|
| 852 |
_aES-MaACL _jC-26109 |
||
| 999 |
_c120319 _d120319 |
||